<?xml version="1.0" encoding="UTF-8"?>
<record
    xmlns:xsi="http://www.w3.org/2001/XMLSchema-instance"
    xsi:schemaLocation="http://www.loc.gov/MARC21/slim http://www.loc.gov/standards/marcxml/schema/MARC21slim.xsd"
    xmlns="http://www.loc.gov/MARC21/slim">

  <leader>01157nam a22002537a 4500</leader>
  <controlfield tag="001">54475</controlfield>
  <controlfield tag="003">BD-RjUL</controlfield>
  <controlfield tag="005">20211209080127.0</controlfield>
  <controlfield tag="008">160813r20011986ii ||||| |||| 00| 0 ben d</controlfield>
  <datafield tag="020" ind1=" " ind2=" ">
    <subfield code="c">: IRs 45.00</subfield>
  </datafield>
  <datafield tag="035" ind1=" " ind2=" ">
    <subfield code="a">(BD-RjUL)54597</subfield>
  </datafield>
  <datafield tag="040" ind1=" " ind2=" ">
    <subfield code="a">BD-RjUL</subfield>
    <subfield code="b">ben </subfield>
    <subfield code="c">BD-RjUL</subfield>
  </datafield>
  <datafield tag="041" ind1=" " ind2=" ">
    <subfield code="a">ben </subfield>
  </datafield>
  <datafield tag="082" ind1=" " ind2=" ">
    <subfield code="2">23 </subfield>
    <subfield code="a">891.442 </subfield>
    <subfield code="b">DAK 2001</subfield>
  </datafield>
  <datafield tag="100" ind1=" " ind2=" ">
    <subfield code="a">&#x9A6;&#x9A4;&#x9CD;&#x9A4;, &#x9AE;&#x9BE;&#x987;&#x995;&#x9C7;&#x9B2; &#x9AE;&#x9A7;&#x9C1;&#x9B8;&#x9C2;&#x9A6;&#x9A8; </subfield>
    <subfield code="9">146259</subfield>
  </datafield>
  <datafield tag="245" ind1="1" ind2="0">
    <subfield code="a">&#x995;&#x9C3;&#x9B7;&#x9CD;&#x9A3;&#x995;&#x9C1;&#x9AE;&#x9BE;&#x9B0;&#x9C0; :</subfield>
    <subfield code="b">[ &#x9AD;&#x9C2;&#x9AE;&#x9BF;&#x995;&#x9BE;, &#x986;&#x9B2;&#x9CB;&#x99A;&#x9A8;&#x9BE;, &#x9AE;&#x9C2;&#x9B2; &#x993; &#x99F;&#x9C0;&#x995;&#x9BE;&#x9B8;&#x9B9; ] /</subfield>
    <subfield code="c">&#x9AE;&#x9BE;&#x987;&#x995;&#x9C7;&#x9B2; &#x9AE;&#x9A7;&#x9C1;&#x9B8;&#x9C2;&#x9A6;&#x9A8; &#x9A6;&#x9A4;&#x9CD;&#x9A4; ; &#x9AD;&#x9AC;&#x9BE;&#x9A8;&#x9C0; &#x997;&#x9CB;&#x9AA;&#x9BE;&#x9B2; &#x9B8;&#x9BE;&#x9A8;&#x9CD;&#x9AF;&#x9BE;&#x9B2; &#x9B8;&#x9AE;&#x9CD;&#x9AA;&#x9BE;&#x9A6;&#x9BF;&#x9A4;</subfield>
  </datafield>
  <datafield tag="250" ind1=" " ind2=" ">
    <subfield code="a">&#x9EA;&#x9B0;&#x9CD;&#x9A5; &#x9B8;&#x982;.</subfield>
  </datafield>
  <datafield tag="260" ind1=" " ind2=" ">
    <subfield code="a">&#x995;&#x9B2;&#x9BF;&#x995;&#x9BE;&#x9A4;&#x9BE; :</subfield>
    <subfield code="b">&#x9AC;&#x9BF;.&#x9AC;&#x9BF;. &#x9AC;&#x9CD;&#x9B0;&#x9BE;&#x9A6;&#x9BE;&#x9B0;&#x9CD;&#x9B8;, </subfield>
    <subfield code="c">&#x9E7;&#x9EF;&#x9EE;&#x9EC; [&#x9AA;&#x9C1;&#x9A8;&#x9B0;&#x9CD;&#x9AE;&#x9C1;&#x9A6;&#x9CD;&#x9B0;&#x9A3; &#x9E8;&#x9E6;&#x9E6;&#x9E7;]</subfield>
  </datafield>
  <datafield tag="300" ind1=" " ind2=" ">
    <subfield code="a">[&#x9EC;], &#x9E9;&#x9E6;&#x9EB; &#x9AA;&#x9C3;. ; </subfield>
    <subfield code="c">&#x9E7;&#x9EF; &#x9B8;&#x9C7;&#x9AE;&#x9BF;. </subfield>
  </datafield>
  <datafield tag="650" ind1=" " ind2=" ">
    <subfield code="a">&#x9AC;&#x9BE;&#x982;&#x9B2;&#x9BE; &#x9A8;&#x9BE;&#x99F;&#x995; </subfield>
    <subfield code="9">146260</subfield>
  </datafield>
  <datafield tag="650" ind1=" " ind2=" ">
    <subfield code="a">Bengali Drama </subfield>
    <subfield code="9">146261</subfield>
  </datafield>
  <datafield tag="700" ind1=" " ind2=" ">
    <subfield code="a">&#x9B8;&#x9BE;&#x9A8;&#x9CD;&#x9AF;&#x9BE;&#x9B2;, &#x9AD;&#x9AC;&#x9BE;&#x9A8;&#x9C0;&#x997;&#x9CB;&#x9AA;&#x9BE;&#x9B2;, &#x9B8;&#x9AE;&#x9CD;&#x9AA;&#x9BE;&#x9A6;&#x995; </subfield>
    <subfield code="9">126930</subfield>
  </datafield>
  <datafield tag="942" ind1=" " ind2=" ">
    <subfield code="2">ddc</subfield>
    <subfield code="c">BK</subfield>
    <subfield code="0">2</subfield>
  </datafield>
  <datafield tag="999" ind1=" " ind2=" ">
    <subfield code="c">54475</subfield>
    <subfield code="d">54475</subfield>
  </datafield>
  <datafield tag="952" ind1=" " ind2=" ">
    <subfield code="0">0</subfield>
    <subfield code="1">0</subfield>
    <subfield code="2">ddc</subfield>
    <subfield code="4">0</subfield>
    <subfield code="7">0</subfield>
    <subfield code="8">FIC</subfield>
    <subfield code="a">RUCL</subfield>
    <subfield code="b">RUCL</subfield>
    <subfield code="c">Stack</subfield>
    <subfield code="d">2005-07-03</subfield>
    <subfield code="e">Indian High Commission</subfield>
    <subfield code="g">45.00</subfield>
    <subfield code="l">8</subfield>
    <subfield code="m">1</subfield>
    <subfield code="o">B 891.442  DAK 2001</subfield>
    <subfield code="r">2024-02-25 00:00:00</subfield>
    <subfield code="s">2024-02-12</subfield>
    <subfield code="t">C-2</subfield>
    <subfield code="w">2016-11-07</subfield>
    <subfield code="y">BK</subfield>
  </datafield>
</record>
